कड़वा सच / (Record no. 111817)
[ view plain ]
| 000 -LEADER | |
|---|---|
| fixed length control field | 01281nam a22003017a 4500 |
| 005 - DATE AND TIME OF LATEST TRANSACTION | |
| control field | 20200124125640.0 |
| 010 ## - LCCN (DPL NO) | |
| LC control number | B-732185 B-050272 |
| 020 ## - INTERNATIONAL STANDARD BOOK NUMBER | |
| Terms of availability | 250.00 |
| International Standard Book Number | 8187110449 |
| 035 ## - SYSTEM CONTROL NUMBER | |
| System control number | B-732185 |
| 035 ## - SYSTEM CONTROL NUMBER | |
| System control number | B-050272 |
| 035 ## - SYSTEM CONTROL NUMBER | |
| System control number | B-050274 |
| 035 ## - SYSTEM CONTROL NUMBER | |
| System control number | B-050281 |
| 037 ## - SOURCE OF ACQUISITION | |
| Source of stock number/acquisition | डी.बी.ए.डी./ उपहार |
| 037 ## - SOURCE OF ACQUISITION | |
| Source of stock number/acquisition | Cen Lib/Ret |
| 082 ## - DEWEY DECIMAL CLASSIFICATION NUMBER | |
| Classification number | 921 |
| Item number | त्यागीमु |
| 100 ## - MAIN ENTRY--PERSONAL NAME | |
| Personal name | त्यागी, मुरारीलाल |
| 245 ## - TITLE STATEMENT | |
| Title | कड़वा सच / |
| Statement of responsibility, etc | मुरारीलाल त्यागी |
| 246 ## - VARYING FORM OF TITLE | |
| Title proper/short title | Kadwa sach / |
| Remainder of title | by Murarilal Tyagi |
| 260 ## - PUBLICATION, DISTRIBUTION, ETC. (IMPRINT) | |
| Place of publication, distribution, etc | दिल्ली |
| Name of publisher, distributor, etc | मेघा बुक्स |
| Date of publication, distribution, etc | 2001 |
| 270 ## - ADDRESS | |
| Address | एक्स-11, नवीन शहदरा |
| City | दिल्ली |
| Postal code | 110032 |
| 300 ## - PHYSICAL DESCRIPTION | |
| Extent | 328पृ. |
| Dimensions | 22सेमी (सजिल्द) |
| 650 ## - SUBJECT ADDED ENTRY--TOPICAL TERM | |
| Topical term or geographic name as entry element | हिंदी साहित्य |
| 650 ## - SUBJECT ADDED ENTRY--TOPICAL TERM | |
| Topical term or geographic name as entry element | हिंदी साहित्य --कड़वा सच |
| 650 ## - SUBJECT ADDED ENTRY--TOPICAL TERM | |
| Topical term or geographic name as entry element | Hindi literature |
| 650 ## - SUBJECT ADDED ENTRY--TOPICAL TERM | |
| Topical term or geographic name as entry element | Hindi literature--Bitter truth |
| 942 ## - ADDED ENTRY ELEMENTS (KOHA) | |
| Source of classification or shelving scheme | Dewey Decimal Classification |
| Item type | Hindi Books |
| Classification part | 921 |
| Call number suffix | त्यागीमु |
| Withdrawn status | Lost status | Not for loan | Collection code | Home library | Current library | Date acquired | Source of acquisition | Cost, normal purchase price | Full call number | Barcode | Copy number | Cost, replacement price | Koha item type | Public note |
|---|---|---|---|---|---|---|---|---|---|---|---|---|---|---|
| Non-fiction | Central Library | Central Library | 05/08/2015 | Cen Lib/Ret | 250.00 | 921 त्यागीमु | B-050272 | 1 | 250.00 | Hindi Books | ||||
| Non-fiction | Central Library | Central Library | 24/01/2020 | उपहार/21.1.2020 | 250.00 | 921 त्यागीमु | B-732185 | 1 | 250.00 | Hindi Books | उपहार | |||
| Non-fiction | Patel Nagar | Patel Nagar | 03/07/2018 | BPPD/Pub | 250.00 | 921 त्यागीमु | B-050274 | 1 | 250.00 | Hindi Books | ||||
| Non-fiction | Shahdara Branch | Shahdara Branch | 04/07/2018 | BPPD/PUB | 250.00 | 921 त्यागीमु | B-050281 | 1 | 250.00 | Hindi Books |
